Giáo trình môn học thiết kế thời trang trên máy tính = Cad - Computer aided fashion design
Đã lưu trong:
| Príomhúdar: | |
|---|---|
| Formáid: | Sách |
| Teanga: | Undetermined |
| Foilsithe: |
Thống kê
2005
|
| Ábhair: | |
| Clibeanna: |
Cuir Clib Leis
Gan Chlibeanna, Bí ar an gcéad duine leis an taifead seo a chlibeáil!
|
| Thư viện lưu trữ: | Trung tâm Thư viện - Trường Đại học Công nghiệp TP. Hồ Chí Minh |
|---|
| LEADER | 00591nam a2200157Ia 4500 | ||
|---|---|---|---|
| 001 | UIH_06856 | ||
| 008 | 231011s9999 xx 000 0 und d | ||
| 082 | |a 646.3 | ||
| 100 | |a Nguyễn Mậu Tùng | ||
| 245 | 0 | |a Giáo trình môn học thiết kế thời trang trên máy tính = Cad - Computer aided fashion design | |
| 245 | 0 | |c Nguyễn Mậu Tùng | |
| 260 | |b Thống kê | ||
| 260 | |c 2005 | ||
| 650 | |a Thiết kế thời trang; | ||
| 927 | |a Sách | ||
| 980 | |a Trung tâm Thư viện - Trường Đại học Công nghiệp TP. Hồ Chí Minh | ||